Kỹ thuật nuôi tôm sú thâm canh
Tài liệu hướng dẫn rõ ràng và đầy đủ các kỹ thuật nuôi tôm sú nhất là kỹ thuật nuôi thâm canh.
Spremljeno u:
| Autori kompanije: | , |
|---|---|
| Format: | Knjiga |
| Jezik: | Undetermined |
| Izdano: |
Hà Nội
Nông nghiệp
2004
|
| Teme: | |
| Oznake: |
Dodaj oznaku
Bez oznaka, Budi prvi tko označuje ovaj zapis!
|
| Thư viện lưu trữ: | Trung tâm Học liệu Trường Đại học Cần Thơ |
|---|
| LEADER | 00776nam a2200205Ia 4500 | ||
|---|---|---|---|
| 001 | CTU_161045 | ||
| 008 | 210402s9999 xx 000 0 und d | ||
| 082 | |a 639.6 | ||
| 082 | |b Tr513 | ||
| 110 | |a Bộ Thủy sản | ||
| 110 | |b Trung tâm Khuyến ngư Quốc gia | ||
| 245 | 0 | |a Kỹ thuật nuôi tôm sú thâm canh | |
| 245 | 0 | |c Bộ Thủy sản. Trung tâm Khuyến ngư Quốc gia | |
| 260 | |a Hà Nội | ||
| 260 | |b Nông nghiệp | ||
| 260 | |c 2004 | ||
| 520 | |a Tài liệu hướng dẫn rõ ràng và đầy đủ các kỹ thuật nuôi tôm sú nhất là kỹ thuật nuôi thâm canh. | ||
| 650 | |a Fish culture,Shrims | ||
| 904 | |i Giang | ||
| 980 | |a Trung tâm Học liệu Trường Đại học Cần Thơ | ||